000 00331nam a22001337a 4500
008 190201b xxu||||| |||| 00| 0 eng d
020 _a0814700551
041 _aeng
080 _a321
100 _a19
101 _aSHP
245 _aFrom the Depths. The Discovery of Poverty in the United States
_cBremner, R.H
942 _2udc
_cBK
999 _c53915
_d53915